000
00325nam a2200133Ia 4500
008
190216s9999||||xx |||||||||||||| ||und||
100
_a
"Savarirayan. Sj, Krishnan. G And Venkatesan. K.S"
245
2
_a
A Text Book Of Heat
250
_a
3rd Ed.
260
_b
Null
_c
1965
300
_a
308
650
_a
Physics
942
_c
BK
999
_c
32719
_d
32719